书目信息 |
| 题名: |
心理画外音 : 跨越10年的心理咨询个案
|
|
| 作者: | 严文华 著 | |
| 分册: | ||
| 出版信息: | 上海 华东师范大学出版社 2018.01 |
|
| 页数: | 248页 | |
| 开本: | 20cm | |
| 丛书名: | ||
| 单 册: | ||
| 中图分类: | R395.6 | |
| 科图分类: | ||
| 主题词: | 医学心理学 , 病理心理学 | |
| 电子资源: | ||
| ISBN: | 7-5617-9437-1 | |
| 000 | 00626nam0 2200205 450 | |
| 001 | 1861210873 | |
| 005 | 20181129170118.27 | |
| 010 | @a7-5617-9437-1@dCNY36.00 | |
| 100 | @a20181129d2018 km y0chiy0120 ea | |
| 101 | 0 | @achi |
| 102 | @aCN@b310000 | |
| 200 | 1 | @a心理画外音 : 跨越10年的心理咨询个案@Axin li hua wai yin:kua yue 10 nian de xin li zi xun ge an@f严文华著@Fyan wen hua zhu |
| 210 | @a上海@c华东师范大学出版社@d2018.01 | |
| 215 | @a248页@d20cm | |
| 606 | 0 | @a医学心理学 |
| 606 | 0 | @a病理心理学 |
| 690 | @aR395.6@v4 | |
| 701 | 0 | @a严文华@Ayan wen hua@4著 |
| 801 | 0 | @aCN@bMUSE@c20181129 |
| 905 | @aMUSE@dR395.6@eY0661 | |
| 心理画外音 : 跨越10年的心理咨询个案/严文华著.-上海:华东师范大学出版社,2018.01 |
| 248页;20cm |
| ISBN 7-5617-9437-1:CNY36.00 |
| ● |
| 相关链接 |
|
|
|
正题名:心理画外音 : 跨越10年的心理咨询个案
索取号:R395.6/Y0661
 
预约/预借
| 序号 | 登录号 | 条形码 | 馆藏地/架位号 | 状态 | 备注 |
| 1 | 1304176 | 213041769 | 大学生心理健康教育指导中心资料室/ [索取号:R395.6/Y0661] | 在馆 |